| 000 | 00608nam a2200181 i 4500 | ||
|---|---|---|---|
| 001 | 89646 | ||
| 003 | ES-MaACL | ||
| 005 | 20230906180235.0 | ||
| 007 | t| | ||
| 008 | 050111s1970 sp ||||1| spa d | ||
| 100 | 1 |
_aLavrillère, Jacques. _970732 |
|
| 245 | 1 | 3 |
_aLa industria de los banqueros / _cJacques Lavrillère ; [traducción, Buenaventura García Estruch, Ignacio Merediz Carbó]. |
| 260 |
_aBarcelona : _bA. Redondo, _c[1970] |
||
| 300 |
_a174 p. ; _c18 cm. |
||
| 700 | 1 |
_aGarcía Estruch, Buenaventura. _954582 |
|
| 700 | 1 |
_aMerediz Carbó, Ignacio. _980481 |
|
| 852 |
_aES-MaACL _jC-42508 _bR.74220 |
||
| 999 |
_c89646 _d89646 |
||